Theories of organization (Record no. 77222)

MARC details
000 -LEADER
fixed length control field 00678nam a2200229Ia 4500
008 - FIXED-LENGTH DATA ELEMENTS--GENERAL INFORMATION
fixed length control field 191130s2009##################000#0#eng##
020 ## - INTERNATIONAL STANDARD BOOK NUMBER
ISBN 9781412924993
082 ## - DEWEY DECIMAL CLASSIFICATION NUMBER
Classification number 302.35 TOS
100 ## - MAIN ENTRY--AUTHOR NAME
Personal name Tosi, Henry L
245 ## - TITLE STATEMENT
Title Theories of organization
Statement of responsibility, etc [compiled by] Henry L. Tosi
260 ## - PUBLICATION, DISTRIBUTION, ETC. (IMPRINT)
Place of publication Thousand Oaks, CA
Name of publisher SAGE
Year of publication c2009
300 ## - PHYSICAL DESCRIPTION
Number of Pages 329 p. : ill. ; 25 cm
500 ## - GENERAL NOTE
General note Includes bibliographical references (p. 283-304) and index
650 ## - SUBJECT ADDED ENTRY--TOPICAL TERM
Topical Term Industrial organization
Topical Term Industrial sociology
Topical Term Organization
991 ## -
-- 230237
Holdings
Withdrawn status Lost status Damaged status Not for loan Home library Current library Shelving location Date acquired Full call number Accession Number Price effective from Koha item type
        Anna Centenary Library Anna Centenary Library 3RD FLOOR, B WING 09.10.2020 302.35 TOS 161876 09.10.2020 English Books

Find us on the map